Arrowverse Characters - Statistics

General Stats
  • This quiz has been taken 2,060 times
    1,749 since last reset
  • The average score is 31 of 113
Answer Stats
% Correct
Arrow Oliver Queen / Green Arrow
96%
The Flash Barry Allen / The Flash
93%
Legends of Tomorrow Sara Lance / White Canary
83%
Arrow Laurel Lance / Black Canary
80%
Arrow Thea Queen / Speedy
79%
Arrow John Diggle / Spartan
78%
Supergirl Kara Danvers / Supergirl
78%
Arrow Felicity Smoak / Overwatch
73%
The Flash Caitlin Snow / Killer Frost
72%
The Flash Cisco Ramon / Vibe
72%
The Flash Iris West-Allen
69%
Superman & Lois Clark Kent / Superman
68%
The Flash Joe West
62%
Superman & Lois Tal-Rho / Morgan Edge
62%
Arrow Emiko Queen / Green Arrow
58%
Superman & Lois Lois Lane
58%
Arrow Roy Harper / Arsenal
57%
Legends of Tomorrow Ray Palmer / The Atom
56%
The Flash Harrison Wells
55%
Batwoman Kate Kane / Batwoman
53%
Arrow Moira Queen
52%
Legends of Tomorrow | The Flash Wally West / Kid Flash
51%
Legends of Tomorrow Eoboard Thawne / Reverse Flash
50%
Legends of Tomorrow Leonard Snart / Captain Cold
50%
Legends of Tomorrow Mick Rory / Heat Wave
50%
Arrow Dinah Drake / Black Canary
49%
Supergirl Alex Danvers
48%
Arrow Quentin Lance
47%
Arrow Slade Wilson / Deathstroke
45%
Black Lightning Jefferson Pierce / Black Lightning
43%
Arrow Malcolm Merlyn / Dark Archer
43%
Batwoman Ryan Wilder / Batwoman
42%
Legends of Tomorrow Martin Stein / Firestorm
40%
The Flash Nora West-Allen / XS
40%
Legends of Tomorrow Jefferson "Jax" Jackson / Firestorm
39%
Legends of Tomorrow Rip Hunter
37%
Arrow Tommy Merlyn
37%
Arrow Rene Ramirez / Wild Dog
36%
Supergirl J'onn J'onnz / Martian Manhunter
35%
Arrow Curtis Holt / Mr. Terrific
29%
Arrow Mia Smoak / Blackstar
28%
Legends of Tomorrow Nate Heywood / Steel
28%
Supergirl Mon-El
27%
Superman & Lois Jordan Kent
26%
Legends of Tomorrow Carter Hall / Hawkman
25%
Supergirl James Olsen / Guardian
25%
Superman & Lois Jonathan Kent
25%
Legends of Tomorrow Kendra Sanders / Hawkgirl
24%
Supergirl Lena Luthor
24%
Legends of Tomorrow Nora Darhk
24%
Legends of Tomorrow Amaya Jiwe / Vixen
22%
The Flash Eddie Thawne
22%
Legends of Tomorrow Gary Green
22%
Arrow Adrian Chase / Prometheus
21%
The Flash Ralph Dibny / Elongated Man
21%
Legends of Tomorrow John Constantine
20%
Supergirl Querl "Brainy" Dox / Brainiac 5
18%
Supergirl Winn Schott
18%
Supergirl Kelly Olsen / Guardian
17%
Supergirl Nia Nal / Dreamer
17%
Superman & Lois Sam Lane
17%
Legends of Tomorrow Ava Sharpe
16%
Batwoman Beth Kane / Alice
15%
Black Lightning Anissa Pierce / Thunder
14%
Supergirl Cat Grant
14%
Black Lightning Jennifer Pierce / Lightning
14%
Legends of Tomorrow Zari Tomaz
13%
The Flash Clifford DeVoe / The Thinker
12%
Legends of Tomorrow Gideon
12%
The Flash Cecile Horton
11%
Arrow Ricardo Diaz / Dragon
11%
Arrow William Clayton
11%
Batwoman Jacob Kane
10%
Batwoman Catherine Hamilton-Kane
9%
Batwoman Luke Fox / Batwing
9%
Legends of Tomorrow Behrad Tarazi
8%
Legends of Tomorrow Zari Tarazi
8%
Legends of Tomorrow Charlie
7%
The Flash Chester P. Runk
7%
The Flash Orlin Dwyer / Cicada
7%
The Flash Allegra Garcia
6%
Legends of Tomorrow Astra Logue
6%
Legends of Tomorrow Mona Wu
6%
Arrow Connor Hawke
5%
Supergirl Maggie Sawyer
5%
Batwoman Mary Hamilton / Poison Ivy
5%
Supergirl Samantha Arias / Reign
5%
Black Lightning Tobias Whale
5%
The Flash Julian Albert
4%
Legends of Tomorrow Esperanza Cruz
3%
Superman & Lois John Henry Irons
3%
Black Lightning Khalil Payne / Painkiller
3%
Superman & Lois Lana Lang Cushing
3%
Superman & Lois Sarah Cushing
3%
Supergirl Andrea Rojas / Acrata
2%
The Flash Eva McCulloch / Mirror Monarch
2%
Superman & Lois Kyle Cushing
2%
Black Lightning Lynn Stewart
2%
Superman & Lois Natalie Lane Irons
2%
Black Lightning Peter Gambi
2%
Batwoman Sophie Moore
2%
Supergirl William Dey
2%
Supergirl Benjamin Lockwood / Agent Liberty
1%
Black Lightning Bill Henderson
1%
Superman & Lois Chrissy Beppo
1%
Supergirl Colonel Laurel Haley
1%
Supergirl Eve Teschmacher
1%
Black Lightning Grace Choi / Wylde
1%
Batwoman Jada Jet
1%
Batwoman Marquis Jet
1%
Supergirl Nyxlygsptlnz
1%
Batwoman Renee Montoya
1%
No matching quizzes found
Score Distribution
Percent of People with Each Score
Percentile by Number Answered
Your Score History
You have not taken this quiz since the last reset